000 00413nam a2200193Ia 4500
001 11949
003 GE_BSU
008 181216s||||||||xx |||||||||||||| ||und||
020 _a9780751522846
040 _cGE_BSU
080 _a821.111-32
100 _aBrayfield,Celia
245 _aGetting home
260 _aLondon
260 _bWarner books.
300 _a500p;18cm
653 _aGetting home
942 _cBK
999 _c45126
_d45126